NBA Players By College - Statistics

General Stats
  • This quiz has been taken 678 times
  • The average score is 16 of 25
Answer Stats
Player College % Correct
Michael Jordan North Carolina
96%
Kyrie Irving Duke
92%
Kevin Durant Texas
92%
Shaquille O'Neal Louisiana State
89%
Russell Westbrook UCLA
89%
Stephen Curry Davidson
87%
Demarcus Cousins Kentucky
84%
Carmelo Anthony Syracuse
84%
Dwyane Wade Marquette
72%
Allen Iverson Georgetown
71%
Chris Paul Wake Forest
71%
Derrick Rose Memphis
69%
Blake Griffin Oklahoma
69%
James Harden Arizona State
68%
Chris Webber Michigan
66%
Kawhi Leonard San Diego State
63%
Larry Bird Indiana State
62%
Charles Barkley Auburn
47%
Paul George Fresno State
44%
Clyde Drexler Houston
33%
Richard Hamilton Connecticut
26%
Bill Russell San Francisco
26%
Chris Mullin St. Johns
22%
Scottie Pippen Central Arkansas
21%
Elgin Baylor Seattle University
8%
No matching quizzes found
Score Distribution
Percent of People with Each Score
Percentile by Number Answered
Your Score History
You have not taken this quiz